| 000 | 01600nam a2200229Ia 4500 | ||
|---|---|---|---|
| 003 | Ost | ||
| 005 | 20260507075801.0 | ||
| 008 | 260507s9999||||xx |||||||||||||| ||und|| | ||
| 040 | _cfsecg | ||
| 041 | _aara | ||
| 082 | _a330 | ||
| 100 |
_aأبو السعود، محمدى فوزى _eمؤلف |
||
| 245 | 0 |
_aمقدمة في الاقتصاد الجزئي : _bمع التطبيقات / _c محمدى فوزى أبو السعود |
|
| 260 |
_aالاسكندرية : _bالدار الجامعية, _c2005 |
||
| 300 |
_a437 صفحة؛ _bإيضاحات ؛ _c24 سم |
||
| 520 | _aنظرية الثمن، نظرية العرض، نظرية الثمن وتوازن السوق التنافسية، نظريات تحليل سلوك المستهلك، نظرية منحنيات السواء، نظرية الانتاج والتكاليف وتوازن المنتج، دالة الانتاج في الفترة القصيرة، دالة الانتاج في الفترة الطويلة،التكاليف في الفترة القصيرة، التكاليف في الفترة الطويلة، سوق المنافسة الكاملة، سوق الاحتكار، سوق المنافسة الاحتكارية، سوق المنافسة القلة، نظرية التوزيع، الطلب على خدمات عناصر الانتاج، محددات عرض خدمات عناصر الانتاج والعوامل التي تحصل عليها. | ||
| 653 | _aالاقتصاد الجزئي | ||
| 653 | _aالانتاج | ||
| 653 | _aالمشكلة الاقتصادية | ||
| 653 | _aالمنافسة | ||
| 942 | _cكتاب | ||
| 999 |
_c46266 _d46266 |
||